<?xml version="1.0" encoding="UTF-8"?>
<record
    xmlns:xsi="http://www.w3.org/2001/XMLSchema-instance"
    xsi:schemaLocation="http://www.loc.gov/MARC21/slim http://www.loc.gov/standards/marcxml/schema/MARC21slim.xsd"
    xmlns="http://www.loc.gov/MARC21/slim">

  <leader>01674nam a2200301 i 4500</leader>
  <controlfield tag="001">768714001</controlfield>
  <controlfield tag="003">CO-MdFUSB</controlfield>
  <controlfield tag="005">20240822081959.0</controlfield>
  <controlfield tag="007">ta</controlfield>
  <controlfield tag="008">240522b        |||a|||| |||| 00| 0 spa d</controlfield>
  <datafield tag="020" ind1=" " ind2=" ">
    <subfield code="a">9789942200044</subfield>
  </datafield>
  <datafield tag="040" ind1=" " ind2=" ">
    <subfield code="a">CO-MdFUSB</subfield>
    <subfield code="b">spa</subfield>
    <subfield code="c">CO-MdFUSB</subfield>
    <subfield code="d">CO-MdFUSBC</subfield>
    <subfield code="e">rda</subfield>
  </datafield>
  <datafield tag="041" ind1=" " ind2=" ">
    <subfield code="a">spa</subfield>
  </datafield>
  <datafield tag="082" ind1=" " ind2=" ">
    <subfield code="2">23</subfield>
    <subfield code="a">253.2</subfield>
    <subfield code="b">G984</subfield>
  </datafield>
  <datafield tag="100" ind1=" " ind2=" ">
    <subfield code="a">Guti&#xE9;rrez Arce, Pablo,</subfield>
    <subfield code="e">autor</subfield>
  </datafield>
  <datafield tag="245" ind1="0" ind2=" ">
    <subfield code="a">Ministros enfocados </subfield>
    <subfield code="b">: el balance entre el ser y el hacer en la vida del ministro latinoamericano</subfield>
    <subfield code="c">/ Pablo J. Guti&#xE9;rrez Arce</subfield>
  </datafield>
  <datafield tag="264" ind1=" " ind2="0">
    <subfield code="b">Iglesia Evang&#xE9;lica Misionera Ecuatoriana, </subfield>
    <subfield code="a">Lugar de publicaci&#xF3;n no identificado ;</subfield>
    <subfield code="c">Fecha no publicaci&#xF3;n no identificada</subfield>
  </datafield>
  <datafield tag="300" ind1=" " ind2=" ">
    <subfield code="a">185 p&#xE1;ginas</subfield>
    <subfield code="b">ilustraciones</subfield>
    <subfield code="c">; 21 cm</subfield>
  </datafield>
  <datafield tag="336" ind1=" " ind2=" ">
    <subfield code="2">rdacontent</subfield>
    <subfield code="a">texto</subfield>
    <subfield code="b">txt</subfield>
  </datafield>
  <datafield tag="337" ind1=" " ind2=" ">
    <subfield code="2">rdamedia</subfield>
    <subfield code="a">sin mediaci&#xF3;n</subfield>
    <subfield code="b">n</subfield>
  </datafield>
  <datafield tag="338" ind1=" " ind2=" ">
    <subfield code="2">rdacarrier</subfield>
    <subfield code="a">volumen</subfield>
    <subfield code="b">nc</subfield>
  </datafield>
  <datafield tag="505" ind1=" " ind2=" ">
    <subfield code="a">Dos enfoques ministeriales. -- Ministros enfocados en la productividad ministerial: el hacer por sobre el el Ser. --  Ministros enfocados en el desarrollo personal: el ser por sobre el hacer. -- Disciplinas para un apropiado desarrollo del Ser: autoconocimiento, rendici&#xF3;n de cuentas y reposo. --Disciplinas para el  apropiado desarrollo del Ser: el estudio, la oraci&#xF3;n, el tiempo familiar. -- El balance entre el Ser y el Hacer: Aproximaci&#xF3;n a un personaje b&#xED;blico desde el desbalance hasta el reenfoque. -- La dualidad ministerial. -- El desarrollo del pensamiento estrat&#xE9;gico ministerial: l organizaci&#xF3;n eclesiastica. -- El desarrollo del liderazgo local. -- El l&#xED;der efectivo.</subfield>
  </datafield>
  <datafield tag="563" ind1=" " ind2=" ">
    <subfield code="a">R&#xFA;stico</subfield>
  </datafield>
  <datafield tag="650" ind1=" " ind2="7">
    <subfield code="a">Iglesia</subfield>
    <subfield code="9">655</subfield>
  </datafield>
  <datafield tag="653" ind1=" " ind2=" ">
    <subfield code="a">Vida pastoral</subfield>
  </datafield>
  <datafield tag="942" ind1=" " ind2=" ">
    <subfield code="c">BK</subfield>
  </datafield>
  <datafield tag="945" ind1=" " ind2=" ">
    <subfield code="a">JTF-925</subfield>
  </datafield>
  <datafield tag="952" ind1=" " ind2=" ">
    <subfield code="0">0</subfield>
    <subfield code="1">0</subfield>
    <subfield code="2">ddc</subfield>
    <subfield code="4">0</subfield>
    <subfield code="7">0</subfield>
    <subfield code="8">GEN</subfield>
    <subfield code="a">FUSBC</subfield>
    <subfield code="b">FUSBC</subfield>
    <subfield code="d">2024-05-22</subfield>
    <subfield code="l">0</subfield>
    <subfield code="o">G 253.2 G984m</subfield>
    <subfield code="p">22253</subfield>
    <subfield code="r">2024-05-22 00:00:00</subfield>
    <subfield code="t">Ej. 1</subfield>
    <subfield code="w">2024-05-22</subfield>
    <subfield code="y">BK</subfield>
    <subfield code="k">28</subfield>
  </datafield>
  <datafield tag="999" ind1=" " ind2=" ">
    <subfield code="c">69849</subfield>
    <subfield code="d">69849</subfield>
  </datafield>
</record>
